000 00611nam a2200205 4500
001 112911
003 ES-MaACL
005 20230906185709.0
007 t|
008 061121s1974 sp r ||||1| spa d
100 1 _aMury, Gilbert.
_984665
245 1 0 _aSeptiembre negro /
_cGilbert Mury ; [traducción Joaquín Jordá].
260 _aBarcelona :
_bAnagrama,
_c1974.
300 _a217 p. ;
_c20 cm.
490 1 _aColección documentos ;
_v14
700 1 _aJordá, Joaquín.
_966895
830 0 _aColección documentos ;
_v14
_9179812
852 _aES-MaACL
_jC-56752
_bR.89656
999 _c112911
_d112911